Investing in an uncertain economy for dummies / (Record no. 358822)
[ view plain ]
| 000 -LEADER | |
|---|---|
| fixed length control field | 00427nam a2200133Ia 4500 |
| 008 - FIXED-LENGTH DATA ELEMENTS--GENERAL INFORMATION | |
| fixed length control field | 180922s9999 xx 000 0 und d |
| 020 ## - INTERNATIONAL STANDARD BOOK NUMBER | |
| International Standard Book Number | 9780470401163 |
| 100 ## - MAIN ENTRY--PERSONAL NAME | |
| Personal name | Garrett,Sheryl. |
| 245 ## - TITLE STATEMENT | |
| Statement of responsibility, etc | Sheryl Garrett, Garrett planning network.-- |
| Title | Investing in an uncertain economy for dummies / |
| 260 ## - PUBLICATION, DISTRIBUTION, ETC. (IMPRINT) | |
| Place of publication, distribution, etc | New Jersey : |
| Name of publisher, distributor, etc | Wiley Publishing |
| Date of publication, distribution, etc | 2008 |
| 300 ## - PHYSICAL DESCRIPTION | |
| Extent | 370 pages. |
| 650 ## - SUBJECT ADDED ENTRY--TOPICAL TERM | |
| Topical term or geographic name as entry element | Investment analysis. |
| 650 ## - SUBJECT ADDED ENTRY--TOPICAL TERM | |
| Topical term or geographic name as entry element | Investments. |
| Withdrawn status | Lost status | Damaged status | Home library | Current library | Shelving location | Date acquired | Source of acquisition | Total Checkouts | Full call number | Barcode | Date last seen | Price effective from | Koha item type |
|---|---|---|---|---|---|---|---|---|---|---|---|---|---|
| College Library | College Library | General Circulation Section | 09/22/2018 | HG 4521 .G23 2008 | C21642 | 09/22/2018 | 09/22/2018 | Books |